[Event "Interclubs Adultes"]
[Site "DEAUVILLE"]
[Date "24.??.??"]
[Round "2.1"]
[White "Komarov, Dimitri"]
[Black "Colin, Vincent"]
[Result "1-0"]
[WhiteElo "2533"]
[BlackElo "2399"]
[PlyCount "53"]
[EventDate "24.??.??"]
[WhiteTeam "Drancy"]
[BlackTeam "Deauville"]

1. d4 Nf6 2. Nf3 d5 3. c4 e6 4. Nc3 dxc4 5. Bg5 Bb4 6. a3 Bxc3+ 7. bxc3 c5 8.
e3 Qa5 9. Bxf6 gxf6 10. Bxc4 cxd4 11. Qxd4 Ke7 12. e4 Nc6 13. Qe3 Ne5 14. Nxe5
Qxe5 15. O-O Bd7 16. Rfd1 Rhc8 17. Rd4 Rc5 18. Bf1 Rac8 19. Rad1 Be8 20. c4 Ra5
21. Qd2 Qc7 22. Qh6 Ba4 23. R1d3 Rg8 24. Qxh7 Rgg5 25. Be2 Qf4 26. Qh8 Be8 27.
Qxe8+ 1-0

[Event "Interclubs Adultes"]
[Site "DEAUVILLE"]
[Date "24.??.??"]
[Round "2.3"]
[White "Todorov, Todor"]
[Black "Geenen, Marc"]
[Result "1/2-1/2"]
[WhiteElo "2510"]
[BlackElo "2293"]
[PlyCount "69"]
[EventDate "24.??.??"]
[WhiteTeam "Drancy"]
[BlackTeam "Deauville"]

1. e4 e5 2. Nf3 Nc6 3. Nc3 Nf6 4. d4 Bb4 5. Nxe5 Bxc3+ 6. bxc3 Qe7 7. f3 Nxe5
8. dxe5 Qxe5 9. Qd4 d6 10. Rb1 b6 11. a4 O-O 12. Qxe5 dxe5 13. a5 Bd7 14. Bb5
Bxb5 15. Rxb5 Rfe8 16. Ke2 Rad8 17. Be3 Rd6 18. Rd1 Rxd1 19. Kxd1 Rd8+ 20. Ke2
Nd7 21. Rd5 Kf8 22. c4 Ke8 23. Kd2 c6 24. Rd3 Nc5 25. Rxd8+ Kxd8 26. Bf2 Kc7
27. axb6+ axb6 28. g3 Kd6 29. Kc3 g6 30. Be3 f5 31. exf5 gxf5 32. Bh6 Ke6 33.
Be3 Kd6 34. Bh6 Ke6 35. Be3 1/2-1/2

[Event "Interclubs Adultes"]
[Site "DEAUVILLE"]
[Date "24.??.??"]
[Round "2.4"]
[White "Godard, Maxence"]
[Black "Borne, Niels"]
[Result "1/2-1/2"]
[WhiteElo "2329"]
[BlackElo "2324"]
[PlyCount "150"]
[EventDate "24.??.??"]
[WhiteTeam "Deauville"]
[BlackTeam "Drancy"]

1. c4 Nf6 2. Nf3 e6 3. Nc3 c5 4. g3 b6 5. Bg2 Bb7 6. O-O Be7 7. Re1 d6 8. e4 a6
9. d4 cxd4 10. Nxd4 Qc7 11. Qe2 O-O 12. Bd2 Re8 13. Rac1 Bf8 14. g4 g6 15. b3
Bg7 16. Be3 Nbd7 17. g5 Nh5 18. Qd2 Rad8 19. Nde2 Ne5 20. Ng3 Nxg3 21. hxg3 Ng4
22. Bd4 Bxd4 23. Qxd4 Qc5 24. Qd2 h6 25. gxh6 Qh5 26. Qd4 Qh2+ 27. Kf1 Qxh6 28.
Qxb6 Rd7 29. Rcd1 g5 30. f3 Qf6 31. Qd4 Ne5 32. Kf2 Rc8 33. Rf1 Rdd8 34. Kg1
Qh6 35. Rf2 Kf8 36. Qe3 Ke7 37. Rfd2 f6 38. Ne2 Rd7 39. Kf2 Qg6 40. Qb6 Rc6 41.
Qe3 Rc8 42. Nc3 f5 43. Ke2 fxe4 44. Nxe4 Bxe4 45. Qxe4 Qxe4+ 46. fxe4 Rf8 47.
Rf1 Rxf1 48. Bxf1 Rd8 49. Bg2 a5 50. Rd1 Rb8 51. Kd2 Nxc4+ 52. Kc3 Ne3 53. Rd2
Rc8+ 54. Kd3 Ng4 55. Rb2 Ne5+ 56. Kd2 Rf8 57. Rc2 Kd7 58. a3 Rb8 59. Rc3 Rf8
60. Ke1 Rc8 61. Rxc8 Kxc8 62. Kd2 Kd7 63. Ke3 Kc6 64. Bh3 g4 65. Bf1 Nd7 66.
Kd4 e5+ 67. Ke3 Kc5 68. Ba6 Nf6 69. Bc8 Nh5 70. Bxg4 Nxg3 71. Bf3 Nf1+ 72. Kd3
Ng3 73. Kc3 d5 74. b4+ axb4+ 75. axb4+ Kd6 1/2-1/2

[Event "Interclubs Adultes"]
[Site "DEAUVILLE"]
[Date "24.??.??"]
[Round "2.5"]
[White "Salaun, Yann"]
[Black "Amoyal, Pierre"]
[Result "1/2-1/2"]
[WhiteElo "2322"]
[BlackElo "2195"]
[PlyCount "52"]
[EventDate "24.??.??"]
[WhiteTeam "Drancy"]
[BlackTeam "Deauville"]

1. d4 Nf6 2. c4 g6 3. Nc3 d5 4. cxd5 Nxd5 5. e4 Nxc3 6. bxc3 Bg7 7. Be3 c5 8.
Nf3 Qa5 9. Qd2 O-O 10. Rc1 Rd8 11. d5 e6 12. c4 Qxd2+ 13. Nxd2 b6 14. Be2 Na6
15. O-O Nb4 16. a3 Na2 17. Rce1 Nc3 18. Bd3 Ba6 19. Bc2 Rac8 20. a4 Na2 21. Bg5
Rd7 22. Bb3 Nb4 23. Re3 Nc6 24. Rfe1 Nd4 25. Bd1 Rf8 26. g4 f6 1/2-1/2

[Event "Interclubs Adultes"]
[Site "DEAUVILLE"]
[Date "24.??.??"]
[Round "2.6"]
[White "Fruteau, Sabine"]
[Black "Giffard, Nicolas"]
[Result "1/2-1/2"]
[WhiteElo "2169"]
[BlackElo "2387"]
[PlyCount "188"]
[EventDate "24.??.??"]
[WhiteTeam "Deauville"]
[BlackTeam "Drancy"]

1. e4 c6 2. d4 d5 3. Nc3 dxe4 4. Nxe4 Nd7 5. Nf3 Ngf6 6. Ng3 e6 7. Bd3 c5 8. c3
a6 9. O-O Be7 10. Qe2 O-O 11. Ne5 cxd4 12. cxd4 Nb6 13. Rd1 Nbd5 14. Bg5 g6 15.
Bh6 Re8 16. h4 Nd7 17. Ne4 Bf8 18. Bxf8 Rxf8 19. Ng5 Nxe5 20. dxe5 h6 21. Nf3
Bd7 22. Qd2 Kg7 23. g3 Rc8 24. Be4 Bc6 25. Nd4 Qc7 26. Nxc6 bxc6 27. Bxd5 cxd5
28. Qf4 Qe7 29. Rac1 Rb8 30. Rd2 Rb4 31. Qf3 Rfb8 32. Qa3 Qb7 33. Rcc2 Re4 34.
Re2 Qb5 35. Qf3 Rxe2 36. Qxe2 Qa5 37. b3 d4 38. f4 Rd8 39. Rd2 Qa3 40. Qd3 h5
41. Kf2 Qc1 42. Rd1 Qc5 43. Qc4 Qb6 44. Rd3 a5 45. a3 Rd5 46. Ke2 Rc5 47. Qxd4
Rc2+ 48. Ke3 Qc6 49. Rd2 Rc1 50. Rd1 Rxd1 51. Qxd1 Qc5+ 52. Qd4 Qxa3 53. Qd3
Qb2 54. Qb5 Qg2 55. Qxa5 Qxg3+ 56. Ke4 Qxb3 57. Qd8 Qa3 58. Qf6+ Kg8 59. Qd8+
Qf8 60. Qf6 Qe8 61. Ke3 Kf8 62. Kf2 Kg8 63. Ke3 Qd7 64. Ke2 Qc7 65. Kd3 Kf8 66.
Ke3 Ke8 67. Qh8+ Kd7 68. Qf8 Kc6 69. Qa8+ Kb6 70. Qe8 Kc5 71. Qa4 Kb6 72. Qb4+
Ka7 73. Qa4+ Kb7 74. Ke2 Qc6 75. Qb4+ Ka7 76. Qe7+ Qb7 77. Qe8 Kb6 78. Ke3 Kc5
79. Qa4 Qc7 80. Qa3+ Kc6 81. Qf8 Kb5 82. Qe8+ Kb4 83. Kf2 Kc4 84. Ke3 Qa7+ 85.
Kf3 Qa3+ 86. Kf2 Qb2+ 87. Kf3 Qc3+ 88. Kf2 Qc2+ 89. Kf3 Qd3+ 90. Kf2 Qd4+ 91.
Kf3 Qd5+ 92. Kf2 Qb7 93. Ke3 Kc3 94. Qd8 Qa7+ 1/2-1/2

[Event "Interclubs Adultes"]
[Site "DEAUVILLE"]
[Date "24.??.??"]
[Round "2.7"]
[White "Karr, Jean-Philippe"]
[Black "Reinert, Stephane"]
[Result "1-0"]
[WhiteElo "2394"]
[BlackElo "2120"]
[PlyCount "67"]
[EventDate "24.??.??"]
[WhiteTeam "Drancy"]
[BlackTeam "Deauville"]

1. d4 Nc6 2. d5 Ne5 3. e4 Ng6 4. f4 e5 5. dxe6 fxe6 6. Nf3 Bc5 7. Bd3 Nh6 8.
Qe2 O-O 9. g3 d6 10. Nc3 Bd7 11. Bd2 a6 12. O-O-O b5 13. e5 d5 14. Ng5 Qe8 15.
h4 b4 16. Nb1 Nf5 17. h5 Nxg3 18. Qh2 Nxh1 19. hxg6 h6 20. Rxh1 Bb5 21. Qh3
Bxd3 22. Qxd3 Rf5 23. Nf7 Qb5 24. Qh3 Bf8 25. Be3 c5 26. Nd2 d4 27. Bf2 Qe2 28.
Bg3 d3 29. Ng5 Rxg5 30. fxg5 dxc2 31. Qxe6+ Kh8 32. gxh6 gxh6 33. Qf6+ Bg7 34.
Rxh6+ 1-0

[Event "Interclubs Adultes"]
[Site "DEAUVILLE"]
[Date "24.??.??"]
[Round "2.8"]
[White "Helie, Marc"]
[Black "Barakoff, Annie"]
[Result "1-0"]
[WhiteElo "2142"]
[BlackElo "1670"]
[PlyCount "101"]
[EventDate "24.??.??"]
[WhiteTeam "Deauville"]
[BlackTeam "Drancy"]

1. e4 c5 2. Nf3 e6 3. d4 cxd4 4. Nxd4 a6 5. Bd3 Qc7 6. c4 Nc6 7. Nxc6 bxc6 8.
O-O Nf6 9. Nc3 Be7 10. f4 Bc5+ 11. Kh1 d6 12. Qc2 e5 13. f5 Bb7 14. Bg5 Bd4 15.
Rac1 O-O 16. Rf3 Ng4 17. h3 Nf6 18. Rg3 Kh8 19. Qd2 Nh5 20. Rg4 f6 21. Be3 Bxe3
22. Qxe3 Nf4 23. Bf1 Qf7 24. g3 Nh5 25. Rh4 g6 26. Be2 Ng7 27. Qh6 Nxf5 28.
exf5 gxf5 29. Bh5 Qg7 30. Bg6 Qxh6 31. Rxh6 Kg7 32. Rxh7+ Kxg6 33. Rxb7 Rab8
34. Rxb8 Rxb8 35. b3 Rh8 36. Kg2 Kg5 37. Rd1 Rd8 38. Kf3 Kg6 39. b4 Kf7 40. a4
Ke6 41. b5 axb5 42. axb5 cxb5 43. Nxb5 Rd7 44. h4 Ke7 45. Rxd6 Rxd6 46. Nxd6
Kxd6 47. h5 Kc5 48. h6 Kxc4 49. h7 Kd3 50. h8=Q e4+ 51. Kf2 1-0

[Event "Interclubs Adultes"]
[Site "DEAUVILLE"]
[Date "24.??.??"]
[Round "2.1"]
[White "Gharamian, Tigran"]
[Black "Nguyen, Thanh-Tong"]
[Result "1-0"]
[WhiteElo "2557"]
[BlackElo "2353"]
[PlyCount "75"]
[EventDate "24.??.??"]
[WhiteTeam "Cappelle la Grande"]
[BlackTeam "Noisy le Grand"]

1. e4 c5 2. Nf3 e6 3. d4 cxd4 4. Nxd4 a6 5. Bd3 Nf6 6. O-O Qc7 7. Qe2 d6 8. c4
Nbd7 9. f4 Be7 10. Nc3 b6 11. Kh1 Bb7 12. f5 e5 13. Nc2 Nc5 14. Bg5 Rc8 15.
Bxf6 Bxf6 16. Ne3 Nxd3 17. Qxd3 Qc5 18. Rad1 O-O 19. Ned5 Bd8 20. b3 f6 21. a4
Kh8 22. Rf3 Qa3 23. Nb1 Qc5 24. Nbc3 Qa3 25. Nb1 Qc5 26. Qe2 Bxd5 27. Rxd5 Qb4
28. Rd1 b5 29. Nc3 bxc4 30. Nd5 Qa3 31. Rc3 Rb8 32. Qxc4 Bb6 33. Ne7 d5 34.
Ng6+ Kg8 35. Rxd5 Rf7 36. Qc8+ Rf8 37. Qe6+ Rf7 38. Rc8+ 1-0

[Event "Interclubs Adultes"]
[Site "DEAUVILLE"]
[Date "24.??.??"]
[Round "2.2"]
[White "Boudiba, Mahfoud"]
[Black "Winants, Luc"]
[Result "0-1"]
[WhiteElo "2364"]
[BlackElo "2504"]
[PlyCount "78"]
[EventDate "24.??.??"]
[WhiteTeam "Noisy le Grand"]
[BlackTeam "Cappelle la Grande"]

1. d4 Nf6 2. c4 e6 3. Nf3 b6 4. g3 Ba6 5. Nbd2 d5 6. cxd5 exd5 7. Bg2 Bd6 8.
O-O O-O 9. Re1 Re8 10. b3 Nbd7 11. Bb2 Qe7 12. Bf1 Ne4 13. e3 Bb7 14. Rc1 a6
15. Bg2 f5 16. Nf1 g5 17. N3d2 Nef6 18. f4 g4 19. Nc4 a5 20. Ne5 Qe6 21. Nd2
Ba6 22. Bf1 Bxf1 23. Rxf1 Rec8 24. Qe2 a4 25. Rc6 axb3 26. axb3 Ra2 27. Nb1 Ne4
28. Rfc1 Rca8 29. R6c2 Ndf6 30. Bc3 Rxc2 31. Rxc2 Qe8 32. Nd2 Nxd2 33. Bxd2 Ne4
34. Qf1 Ra3 35. Qd3 Ra1+ 36. Rc1 Qa8 37. Rf1 Rxf1+ 38. Kxf1 Qa1+ 39. Ke2 Qh1
0-1

[Event "Interclubs Adultes"]
[Site "DEAUVILLE"]
[Date "24.??.??"]
[Round "2.3"]
[White "Jossien, Arnaud"]
[Black "Tissir, Mohamed"]
[Result "0-1"]
[WhiteElo "2384"]
[BlackElo "2444"]
[PlyCount "80"]
[EventDate "24.??.??"]
[WhiteTeam "Cappelle la Grande"]
[BlackTeam "Noisy le Grand"]

1. Nf3 Nf6 2. g3 g6 3. Bg2 Bg7 4. c4 O-O 5. Nc3 d6 6. Rb1 e5 7. d3 h6 8. b4 Re8
9. Nd2 Nh5 10. Qb3 Nc6 11. e3 a6 12. a4 Kh8 13. b5 axb5 14. axb5 Ne7 15. Nd5
Nxd5 16. Bxd5 Rf8 17. O-O f5 18. Ba3 Nf6 19. Bg2 Qe7 20. Ra1 Rb8 21. b6 c5 22.
Bb2 g5 23. Rfe1 Qf7 24. d4 e4 25. f3 exf3 26. Bxf3 Re8 27. Qd3 Be6 28. Ra7 Ne4
29. Nxe4 fxe4 30. Bxe4 Bxc4 31. Qc2 Bb3 32. Qg2 d5 33. Bb1 cxd4 34. Rf1 Qe6 35.
Ra3 Bc4 36. Re1 Qxb6 37. Qc2 Re4 38. Qg2 d3 39. Rxd3 Bxd3 40. Bxg7+ Kxg7 0-1

[Event "Interclubs Adultes"]
[Site "DEAUVILLE"]
[Date "24.??.??"]
[Round "2.4"]
[White "Battaglini, Gabriel"]
[Black "Carlier, Bruno"]
[Result "0-1"]
[WhiteElo "2295"]
[BlackElo "2398"]
[PlyCount "102"]
[EventDate "24.??.??"]
[WhiteTeam "Noisy le Grand"]
[BlackTeam "Cappelle la Grande"]

1. d4 d6 2. Nf3 g6 3. e4 Nf6 4. Nc3 Bg7 5. h3 O-O 6. Be3 c6 7. Qd2 Nbd7 8. a4
e5 9. O-O-O Qc7 10. Bh6 a6 11. Qg5 b5 12. Bd3 Re8 13. Ne2 Nf8 14. Bxg7 Kxg7 15.
dxe5 dxe5 16. g4 c5 17. Nc3 c4 18. Be2 h6 19. Qe3 Qa7 20. g5 Qxe3+ 21. fxe3
hxg5 22. Nxg5 Ne6 23. Nxe6+ Bxe6 24. a5 Kf8 25. h4 Ke7 26. h5 gxh5 27. Nd5+
Bxd5 28. exd5 Rh8 29. Rh4 e4 30. Rdh1 Rac8 31. Bxh5 Rc5 32. Be2 Rxh4 33. Rxh4
Rxd5 34. Rh8 Rd7 35. Ra8 Rd6 36. Ra7+ Ke6 37. Bf1 Ng4 38. Bh3 f5 39. Bxg4 fxg4
40. Rg7 Kf5 41. Rg8 Rg6 42. Rf8+ Ke5 43. Kd1 g3 44. Rf1 g2 45. Rg1 c3 46. Kc1
Kd5 47. Kb1 Kc4 48. Ka2 cxb2 49. Kxb2 Rg3 50. Kc1 Kc3 51. Kb1 b4 0-1

[Event "Interclubs Adultes"]
[Site "DEAUVILLE"]
[Date "24.??.??"]
[Round "2.5"]
[White "Jossien, Remy"]
[Black "Onkoud, Abdelaziz"]
[Result "1/2-1/2"]
[WhiteElo "2257"]
[BlackElo "2396"]
[PlyCount "114"]
[EventDate "24.??.??"]
[WhiteTeam "Cappelle la Grande"]
[BlackTeam "Noisy le Grand"]

1. e4 c5 2. Nf3 d6 3. g3 Nf6 4. Qe2 b6 5. Bg2 Bb7 6. Nc3 e6 7. O-O Nc6 8. d3
Be7 9. h3 a6 10. Be3 e5 11. Nd5 Nxd5 12. exd5 Nd4 13. Bxd4 cxd4 14. Nd2 Rc8 15.
Rac1 O-O 16. c4 dxc3 17. bxc3 b5 18. c4 bxc4 19. dxc4 a5 20. c5 Ra8 21. c6 Ba6
22. Nc4 f5 23. Qc2 e4 24. Rb1 Bf6 25. Rfd1 Qc7 26. Bf1 Rae8 27. Ne3 Bc8 28. Qb3
g5 29. Qb6 Qg7 30. c7 f4 31. Nc4 e3 32. Nxd6 exf2+ 33. Qxf2 fxg3 34. Qd2 Bd4+
35. Qxd4 Rxf1+ 36. Kg2 Rf2+ 37. Qxf2 gxf2 38. Nxe8 Qe7 39. d6 Qe2 40. Nf6+ Kg7
41. Rf1 Qd3 42. d7 Bxd7 43. Nxd7 Qxd7 44. Rbc1 Qd5+ 45. Kxf2 Qd2+ 46. Kg1 Qe3+
47. Kh2 Qe2+ 48. Kg3 Qe3+ 49. Kg2 g4 50. hxg4 Qd2+ 51. Kf3 Qd3+ 52. Kf4 Qd4+
53. Kg3 Qe3+ 54. Kg2 Qd2+ 55. Kh1 Qh6+ 56. Kg1 Qe3+ 57. Kg2 Qd2+ 1/2-1/2

[Event "Interclubs Adultes"]
[Site "DEAUVILLE"]
[Date "24.??.??"]
[Round "2.6"]
[White "Haik, Aldo"]
[Black "Marchyllie, Bruno"]
[Result "1-0"]
[WhiteElo "2381"]
[BlackElo "2180"]
[PlyCount "95"]
[EventDate "24.??.??"]
[WhiteTeam "Noisy le Grand"]
[BlackTeam "Cappelle la Grande"]

1. d4 Nf6 2. c4 e6 3. Nc3 Bb4 4. e3 b6 5. Nge2 Bb7 6. a3 Be7 7. d5 O-O 8. g3 b5
9. cxb5 Nxd5 10. e4 Nxc3 11. Nxc3 f5 12. Bg2 fxe4 13. Nxe4 d5 14. Nc3 Nd7 15.
O-O Bc5 16. b4 Bb6 17. Ra2 c5 18. bxc6 Bxc6 19. Re2 Qf6 20. Bb2 Qf7 21. b5 Bb7
22. Na4 Bd8 23. Bh3 Re8 24. Rfe1 Ba5 25. Bxe6 Rxe6 26. Rxe6 Bxe1 27. Rxe1 Rf8
28. Qd4 Nf6 29. Nc5 Ne4 30. Nd3 Re8 31. f3 Nf6 32. Ne5 Qc7 33. Rc1 Qa5 34. Qb4
Qd8 35. Nc6 Qd7 36. Bxf6 gxf6 37. Kf2 Kf7 38. Qh4 Qf5 39. Nd4 Qd3 40. Rc7+ Re7
41. Qh5+ Qg6 42. Qxg6+ hxg6 43. Rxe7+ Kxe7 44. h4 Kd6 45. g4 a6 46. h5 gxh5 47.
gxh5 Ke7 48. Nc6+ 1-0

[Event "Interclubs Adultes"]
[Site "DEAUVILLE"]
[Date "24.??.??"]
[Round "2.8"]
[White "Tatard, Marie"]
[Black "Couche, Didier"]
[Result "1/2-1/2"]
[WhiteElo "1905"]
[BlackElo "2121"]
[PlyCount "115"]
[EventDate "24.??.??"]
[WhiteTeam "Noisy le Grand"]
[BlackTeam "Cappelle la Grande"]

1. e4 e6 2. d4 d5 3. e5 c5 4. c3 Qb6 5. Nf3 Nc6 6. a3 Nh6 7. b4 cxd4 8. cxd4
Nf5 9. Bb2 Bd7 10. Be2 Be7 11. O-O f6 12. Bd3 Nh6 13. h3 f5 14. Bc2 a5 15. Ba4
axb4 16. axb4 Nxb4 17. Bxd7+ Kxd7 18. Rxa8 Rxa8 19. Ba3 Nf7 20. Qb3 Qa5 21. Rc1
Nd8 22. Ne1 Qa4 23. Qb2 Ra6 24. Rc3 Nbc6 25. Bxe7 Kxe7 26. Nf3 Qa1 27. Qb5 Qa5
28. Qd3 Nb4 29. Qe3 Rc6 30. Ra3 Qc7 31. Qg5+ Ke8 32. Nbd2 Qe7 33. Qf4 h6 34.
Rb3 Rc1+ 35. Nf1 Rc7 36. Qd2 Nbc6 37. Ne3 Nf7 38. Ne1 Ng5 39. f3 Nf7 40. N1c2
Qg5 41. Na3 Qe7 42. Nb5 Rd7 43. Rb1 Kf8 44. Qb2 Kg8 45. Nc2 Kh7 46. Nc3 Qh4 47.
Na4 Nfd8 48. Nc5 Qe7 49. Nxd7 Qxd7 50. Na3 Qc7 51. Kf2 Qa5 52. Nb5 Qb6 53. f4
Qa5 54. Nd6 Qa4 55. Ke3 Na5 56. Kd3 Ndc6 57. Qb3 Qa2 58. Qb2 1/2-1/2

[Event "Interclubs Adultes"]
[Site "GUINGAMP"]
[Date "24.??.??"]
[Round "2.1"]
[White "Murey, Jacob"]
[Black "Carvallo, Henri"]
[Result "1-0"]
[WhiteElo "2417"]
[BlackElo "2156"]
[PlyCount "105"]
[EventDate "24.??.??"]
[WhiteTeam "Chess XV"]
[BlackTeam "Tours"]

1. c4 d6 2. d4 e5 3. Nf3 e4 4. Ng5 f5 5. Nc3 Be7 6. Qd2 Nf6 7. f3 exf3 8. exf3
c6 9. Qe3 Na6 10. Bd3 Nc7 11. O-O O-O 12. Bd2 d5 13. c5 Re8 14. Qf2 b6 15. b4
Nd7 16. Nh3 Nf8 17. Rfe1 Bf6 18. Nf4 g6 19. Rxe8 Qxe8 20. Rc1 bxc5 21. dxc5
Nfe6 22. Nce2 Nxf4 23. Nxf4 Bd7 24. Ne2 Ne6 25. Bc3 Qf7 26. Nd4 Nxd4 27. Bxd4
Qg7 28. Bxf6 Qxf6 29. a4 a6 30. Bf1 Rb8 31. Qd2 Qh4 32. f4 Ra8 33. Re1 Qf6 34.
Re5 Kf7 35. h3 Be6 36. Be2 Ra7 37. g3 Bc8 38. Qe3 Re7 39. Rxe7+ Qxe7 40. Qxe7+
Kxe7 41. Kf2 Ke6 42. Ke3 Ke7 43. Kd4 Ke6 44. g4 h6 45. gxf5+ gxf5 46. b5 axb5
47. axb5 Bb7 48. bxc6 Bxc6 49. Ba6 Kf6 50. Bc8 Kg6 51. Ke5 Kh5 52. Bxf5 Kh4 53.
Be6 1-0

[Event "Interclubs Adultes"]
[Site "GUINGAMP"]
[Date "24.??.??"]
[Round "2.2"]
[White "Wenzel, Johannes"]
[Black "Glicenstein, Asher"]
[Result "0-1"]
[WhiteElo "2126"]
[BlackElo "2250"]
[PlyCount "86"]
[EventDate "24.??.??"]
[WhiteTeam "Tours"]
[BlackTeam "Chess XV"]

1. Nf3 c5 2. c4 Nc6 3. d4 cxd4 4. Nxd4 Qb6 5. Nc2 e6 6. Nc3 Nf6 7. Rb1 d5 8. e3
Be7 9. Be2 O-O 10. O-O Rd8 11. cxd5 Nxd5 12. Qe1 Ndb4 13. Nxb4 Nxb4 14. Bc4 Nd3
15. Qe2 Nxc1 16. Rfxc1 Bd7 17. Rd1 Rac8 18. Bd3 Qa5 19. a3 Bc6 20. Rbc1 Qe5 21.
Bb5 Rxd1+ 22. Rxd1 Bxb5 23. Nxb5 a6 24. Nd4 Rd8 25. Qc2 Bf6 26. Rc1 Qa5 27. Nf3
g6 28. e4 Qb5 29. b4 Qd3 30. Qxd3 Rxd3 31. Rc8+ Kg7 32. Kf1 e5 33. a4 Rb3 34.
Rc4 b5 35. axb5 axb5 36. Rc5 Rb1+ 37. Ke2 Rxb4 38. Kd3 Rb2 39. Rc2 Rb3+ 40. Rc3
Rb1 41. Rc5 b4 42. g4 b3 43. g5 Rd1+ 0-1

[Event "Interclubs Adultes"]
[Site "GUINGAMP"]
[Date "24.??.??"]
[Round "2.4"]
[White "Maleki, Manuel"]
[Black "Colson, Arnaud"]
[Result "1/2-1/2"]
[WhiteElo "2189"]
[BlackElo "2143"]
[PlyCount "56"]
[EventDate "24.??.??"]
[WhiteTeam "Tours"]
[BlackTeam "Chess XV"]

1. Nf3 c5 2. c4 Nf6 3. Nc3 g6 4. e4 d6 5. d4 cxd4 6. Nxd4 Bg7 7. Be2 Nc6 8. Be3
O-O 9. O-O Nxd4 10. Bxd4 Be6 11. Rc1 Qa5 12. Qd2 Rfc8 13. b4 Qxb4 14. Rb1 Qa5
15. Rb5 Qc7 16. Bxf6 Bxf6 17. Nd5 Bxd5 18. exd5 Qd7 19. g3 Rc7 20. Kg2 Qf5 21.
Bd3 Qe5 22. Re1 Qc3 23. Qe2 Rac8 24. Rb3 Qd4 25. Qf3 a6 26. h4 Rb8 27. Reb1 h5
28. Rb6 Kg7 1/2-1/2

[Event "Interclubs Adultes"]
[Site "GUINGAMP"]
[Date "24.??.??"]
[Round "2.5"]
[White "Mayaud, Raphael"]
[Black "Menager, Erwan"]
[Result "1/2-1/2"]
[WhiteElo "2205"]
[BlackElo "2144"]
[PlyCount "94"]
[EventDate "24.??.??"]
[WhiteTeam "Chess XV"]
[BlackTeam "Tours"]

1. e4 c5 2. Nf3 d6 3. Bb5+ Bd7 4. Bxd7+ Qxd7 5. O-O Nf6 6. e5 dxe5 7. Nxe5 Qc7
8. Qe2 e6 9. h3 Bd6 10. Nc4 Be7 11. d3 Nc6 12. Be3 b5 13. Ncd2 Nd4 14. Bxd4
cxd4 15. Nf3 Bc5 16. Nbd2 O-O 17. a4 a6 18. Nb3 Rad8 19. axb5 axb5 20. Qe5 Qxe5
21. Nxe5 Rd5 22. Nf3 e5 23. Rfe1 Nd7 24. Nxc5 Rxc5 25. Ra7 Rd8 26. Nxd4 Nf6 27.
b4 Rcc8 28. Nf5 Rxc2 29. Rxe5 g6 30. Nh6+ Kg7 31. Nxf7 Rxd3 32. Rxb5 Rdd2 33.
Ne5+ Kh6 34. Rf7 Rxf2 35. Rxf6 Rxf6 36. Ng4+ Kg7 37. Nxf6 Kxf6 38. Rb7 Rb2 39.
Kh2 Kg5 40. b5 h5 41. b6 Kh4 42. Rb8 Kg5 43. Kg3 Rb3+ 44. Kh2 Rb2 45. b7 h4 46.
Kg1 Rb1+ 47. Kf2 Rb2+ 1/2-1/2

[Event "Interclubs Adultes"]
[Site "GUINGAMP"]
[Date "24.??.??"]
[Round "2.6"]
[White "Babuty, Antoine"]
[Black "Roman, Dimitri"]
[Result "0-1"]
[WhiteElo "1940"]
[BlackElo "2083"]
[PlyCount "80"]
[EventDate "24.??.??"]
[WhiteTeam "Tours"]
[BlackTeam "Chess XV"]

1. e4 e5 2. Nf3 Nc6 3. Bc4 Nf6 4. Ng5 d5 5. exd5 Na5 6. Bb5+ c6 7. dxc6 bxc6 8.
Be2 h6 9. Nf3 e4 10. Ne5 Qd4 11. f4 Bc5 12. Rf1 Bd6 13. c3 Qb6 14. b4 Nb7 15.
Na3 Be6 16. Nxc6 O-O 17. Nd4 Rfe8 18. Nac2 a5 19. bxa5 Rxa5 20. Nxe6 Rxe6 21.
Ne3 Nc5 22. g3 Nd3+ 23. Bxd3 exd3 24. Rf3 Rh5 25. Rf2 Qc6 26. Qf3 Qxf3 27. Rxf3
Rxh2 28. Rf2 Rh5 29. Kf1 Ne4 30. Rf3 Nxd2+ 31. Bxd2 Rh1+ 32. Kg2 Rxa1 33. Rf2
Bc5 34. Kf3 Rxa2 35. Rg2 Rxd2 36. Rxd2 Rxe3+ 37. Kg4 h5+ 38. Kh4 Be7+ 39. Kxh5
Rxg3 40. f5 Rg5+ 0-1

[Event "Interclubs Adultes"]
[Site "GUINGAMP"]
[Date "24.??.??"]
[Round "2.8"]
[White "Babuty, Adele"]
[Black "Danielyan, Siramarg"]
[Result "1-0"]
[WhiteElo "1370"]
[BlackElo "1499"]
[PlyCount "95"]
[EventDate "24.??.??"]
[WhiteTeam "Tours"]
[BlackTeam "Chess XV"]

1. e4 e6 2. Nf3 d5 3. exd5 Qxd5 4. Nc3 Qd8 5. d4 Nf6 6. Bg5 Be7 7. Bc4 Nc6 8.
O-O h6 9. Bh4 g5 10. Bg3 b6 11. Bb5 Bb7 12. Be5 Qd7 13. d5 O-O-O 14. dxc6 Bxc6
15. Qxd7+ Bxd7 16. Bxd7+ Rxd7 17. Rfd1 Rhd8 18. Rxd7 Nxd7 19. Rd1 g4 20. Bxc7
Kxc7 21. Nb5+ Kb7 22. Nfd4 Nc5 23. g3 e5 24. Re1 a6 25. Rxe5 axb5 26. Rxe7+ Ka6
27. Nc6 Rd1+ 28. Kg2 Rd7 29. Nb8+ Ka5 30. Nxd7 Na4 31. Rxf7 Nxb2 32. Rf6 Nc4
33. Rxh6 b4 34. h3 gxh3+ 35. Kxh3 b5 36. Nb8 b3 37. cxb3 Nd2 38. f4 Kb4 39. Rb6
Ne4 40. f5 Kc5 41. Rh6 Ng5+ 42. Kg4 Nf7 43. Rh7 Ne5+ 44. Kh5 Kb4 45. f6 Ka3 46.
f7 Kxa2 47. f8=Q Kxb3 48. Qd6 1-0

[Event "Interclubs Adultes"]
[Site "GUINGAMP"]
[Date "24.??.??"]
[Round "2.1"]
[White "Petkov, Vladimir"]
[Black "Bojkov, Dejan"]
[Result "1/2-1/2"]
[WhiteElo "2508"]
[BlackElo "2520"]
[PlyCount "24"]
[EventDate "24.??.??"]
[WhiteTeam "C.E. Nantes"]
[BlackTeam "Migné-Auxances"]

1. d4 d5 2. c4 c6 3. Nf3 Nf6 4. e3 Bg4 5. h3 Bxf3 6. Qxf3 e6 7. Nc3 Nbd7 8.
cxd5 cxd5 9. Bd3 Be7 10. O-O O-O 11. Bd2 a6 12. Rac1 b5 1/2-1/2

[Event "Interclubs Adultes"]
[Site "GUINGAMP"]
[Date "24.??.??"]
[Round "2.2"]
[White "Inkiov, Ventzislav"]
[Black "Grigorov, Grigor"]
[Result "1/2-1/2"]
[WhiteElo "2453"]
[BlackElo "2452"]
[PlyCount "142"]
[EventDate "24.??.??"]
[WhiteTeam "Migné-Auxances"]
[BlackTeam "C.E. Nantes"]

1. d4 Nf6 2. c4 e6 3. Nc3 Bb4 4. e3 O-O 5. Bd3 d5 6. a3 Bxc3+ 7. bxc3 c5 8. Ne2
Nc6 9. cxd5 exd5 10. O-O Re8 11. f3 Bd7 12. Ng3 Rc8 13. Ra2 Na5 14. Re2 cxd4
15. cxd4 Nc4 16. Kh1 Qa5 17. e4 dxe4 18. fxe4 Bg4 19. e5 Nd5 20. Qe1 Qxe1 21.
Rexe1 Ndb6 22. Nf5 Rcd8 23. Bg5 Bxf5 24. Bxf5 Rxd4 25. e6 f6 26. e7 Kf7 27.
Be6+ Kg6 28. Be3 Nxe3 29. Rxe3 h5 30. Rg3+ Kh6 31. Bf5 g5 32. Re3 Nd5 33. Re4
Rxe4 34. Bxe4 Nf4 35. Bxb7 Rxe7 36. Ba8 Kg6 37. g3 Nd3 38. Rf3 Re1+ 39. Kg2 Ne5
40. Rc3 Re2+ 41. Kg1 Ra2 42. Bd5 Rd2 43. Rc5 Kf5 44. Ra5 Kg4 45. Bg2 Rd7 46.
Ra4+ Kf5 47. Be4+ Ke6 48. Ra6+ Ke7 49. h3 Kf7 50. Kf2 Kg7 51. Bf5 Re7 52. h4 g4
53. a4 Nc4 54. a5 Ne3 55. Be6 Nd1+ 56. Ke2 Nb2 57. Kd2 Rc7 58. Bb3 f5 59. Rd6
Nc4+ 60. Bxc4 Rxc4 61. Rd7+ Kf6 62. Rxa7 f4 63. gxf4 Rxf4 64. Ra8 Ra4 65. a6 g3
66. Rg8 Rxa6 67. Rxg3 Ra4 68. Rf3+ Ke5 69. Ke2 Rxh4 70. Kf2 Rf4 71. Rxf4 Kxf4
1/2-1/2

[Event "Interclubs Adultes"]
[Site "GUINGAMP"]
[Date "24.??.??"]
[Round "2.3"]
[White "Marholev, Dimitar"]
[Black "Picard, Romain"]
[Result "1/2-1/2"]
[WhiteElo "2398"]
[BlackElo "2346"]
[PlyCount "28"]
[EventDate "24.??.??"]
[WhiteTeam "C.E. Nantes"]
[BlackTeam "Migné-Auxances"]

1. e4 e5 2. Nf3 d6 3. d4 exd4 4. Qxd4 a6 5. Bg5 Nc6 6. Qd2 Be7 7. h4 Nf6 8. Nc3
O-O 9. O-O-O Re8 10. Nd4 Nxd4 11. Qxd4 b5 12. f3 Be6 13. g4 c6 14. Bf4 Qa5
1/2-1/2

[Event "Interclubs Adultes"]
[Site "GUINGAMP"]
[Date "24.??.??"]
[Round "2.4"]
[White "Bedouin, Xavier"]
[Black "Crouan, Stephane"]
[Result "1/2-1/2"]
[WhiteElo "2342"]
[BlackElo "2207"]
[PlyCount "94"]
[EventDate "24.??.??"]
[WhiteTeam "Migné-Auxances"]
[BlackTeam "C.E. Nantes"]

1. e4 e5 2. Nf3 Nc6 3. Bb5 Nf6 4. O-O Nxe4 5. Re1 Nd6 6. Nxe5 Be7 7. Bd3 O-O 8.
Nc3 Nxe5 9. Rxe5 c6 10. b3 Ne8 11. Bb2 d5 12. Qf3 Bf6 13. Re2 Nc7 14. Na4 Bxb2
15. Nxb2 Ne6 16. c3 Qd6 17. Bc2 b6 18. d4 c5 19. Nc4 Qd8 20. Ne5 cxd4 21. Nc6
Qd6 22. Nxd4 Nxd4 23. cxd4 Be6 24. h4 Rfe8 25. Rae1 Bd7 26. Re5 Rxe5 27. Rxe5
Be6 28. h5 Rc8 29. Qd3 g6 30. hxg6 hxg6 31. Qe2 Kg7 32. g3 Qb4 33. Qd1 Qc3 34.
Bb1 Qc1 35. Re1 Qg5 36. Bd3 Qh6 37. Bf1 Rh8 38. Bg2 Qh2+ 39. Kf1 Bh3 40. Bxh3
Qxh3+ 41. Ke2 Qg2 42. Qd3 Rc8 43. Rf1 b5 44. Kd2 b4 45. Qe2 Qe4 46. Qxe4 dxe4
47. f3 exf3 1/2-1/2